LEADER 01224nam a2200241 i 4500 001 000000005796 003 CaOOAMICUS 005 20240126112157.0 008 180830n it u000 u ita u 040 $aSeMil$bita 100 1 $aCrippa, Romeo.$0(OLS)http://semarc/name/3190 245 10$aStudi sulla coscienza etica e religiosa del Seicento /$cRomeo Crippa. 260 $aMilano :$bMarzorati 300 $av. ;$c22 cm. 490 1 $aPubblicazioni dell'Istituto di filosofia dell'Università di Genova 600 14$aLocke, John <1632-1704>.$0(OLS)http://semarc/subject/905 600 14$aDescartes, René .$0(OLS)http://semarc/subject/904 600 14$aSpinoza, Benedetto <1632-1677>.$0(OLS)http://semarc/subject/906 774 0 $aCrippa, Romeo$tEsperienza e libertà in J. Locke.$dMilano : Marzorati, 1960.$kPubblicazioni dell'Istituto di filosofia dell'Università di Genova$g2$w()68049 830 0$aPubblicazioni dell'Istituto di filosofia dell'Università di Genova.$0(OLS)http://semarc/title/16018 996 $6245$aStudi sulla coscienza etica e religiosa del Seicento$9(OLS)http://semarc/title/7990 996 $6260$aMilano :$bMarzorati$9(OLS)http://semarc/publisher/29683 LEADER 01573nam a2200301 i 4500 001 000000172499 003 CaOOAMICUS 005 20240724094451.0 008 080613s2008 gw u000 u eng u 013 $a149941 020 $a978-3-11-020063-8 040 $aSeMil$bita 100 1 $aTan, Nancy Ham Hoon.$0(OLS)http://semarc/name/64486 245 14$aThe 'foreignness' of the foreign woman in Proverbs 1-9 :$ba study of the origin and development of a biblical motif /$cNancy Ham Hoon Tan. 260 $aBerlin ; New York :$bDe Gruyter,$c2008. 300 $aix, 222 p. ;$c24 cm. 490 0 $aBeihefte zur Zeitschrift für die alttestamentliche Wissenschaft ;$v381 504 $aBibliography, p. [183]-201 650 4$aBibbia. Antico Testamento. Proverbi - Commentari, studi, critica, interpretazioni.$0(OLS)http://semarc/subject/13566 650 4$aBibbia. Antico Testamento. Proverbi, 1-9 - Donna straniera.$0(OLS)http://semarc/subject/32836 830 0$aBeihefte zur Zeitschrift für die alttestamentliche Wissenschaft ;$v381.$0(OLS)http://semarc/title/294 850 $aSeMil 852 $aSeMil$W1$xVenegono$y1$m2XA Q 381$j252351$B123361$CSeMilBibl$Z2$F134524 $81 961 $aSottoscrizione: De Gruyter 996 $6020$a978-3-11-020063-8$9(OLS)http://semarc/number/159938 996 $6245$aThe 'foreignness' of the foreign woman in Proverbs 1-9 :$ba study of the origin and development of a biblical motif$9(OLS)http://semarc/title/247033 996 $6260$aBerlin ; New York :$bDe Gruyter$9(OLS)http://semarc/publisher/29892